banner-ar

لعبة التجسس : (Record no. 63337)

MARC details
000 -الفاتح
حقل البيانات ثابتة الطول 00796nam a22002177a 4500
005 - وقت وتاريخ اخر تعامل مع التسجيلة
رقم الضبط 20240530110635.0
008 - عناصر البيانات ثابتة الطول - معلومات عامة
حقل البيانات ثابتة الطول 170923s2014 ua a g b 000 0dara d
017 ## - رقم الايداع القانونى
رقم الايداع القانونى 2012/4145
المصدر ( الهيئة المختصة) مصر. دار الكتب
020 ## - الرقم الدولى المعيارى للكتب
الرقم الدولى المعيارى للكتاب 9789777049832
040 ## - مصدر الفهرسة
وكالة الفهرسة الأصلية EG-CaGPL
وكالة النسخ EG-CaGPL
082 04 - رقم تصنيف ديوى العشرى
رقم الطبعة 21
رقم التصنيف 364.131\
رقم المادة س ل
100 1# - المدخل الرئيسى - إسم شخصى
الإسم الشخصى سميث ، مايكل .
245 10 - بيان العنوان
العنوان لعبة التجسس :
بقية العنوان التاريخ السرى للجاسوسية البريطانية /
بيان المسئوليه,etc تاليف مايكل سميث ؛ ترجمة ناصر عفيفى .
250 ## - بيان الطبعة
بيان الطبعة ط.1
260 ## - PUBLICATION, DISTRIBUTION, ETC. (IMPRINT)
تاريخ النشر أو التوزيع 2014 .
300 ## - الوصف المادى
التعداد 774 ص ؛
أبعاد الوعاء 24 سم .
650 07 - المدخل الاضافى بالموضوع-مصطلح موضوعى
مصدر الرأس أو المصطلح qrmak
مصطلح موضوعي الجاسوسية .
650 07 - المدخل الاضافى بالموضوع-مصطلح موضوعى
مصطلح موضوعي الجاسوسية
التقسيم الفرعي الجغرافي بريطانيا .
مصدر الرأس أو المصطلح qrmak
942 ## - عناصر المدخل الإضافي( كوها)
مصدر التصنيف او مخطط الترفيف Dewey Decimal Classification
Koha [default] item type كتاب
260 ## - PUBLICATION, DISTRIBUTION, ETC. (IMPRINT)
-- القاهرة :
Holdings
حالة التراجع حالة الفقد حالة تلف ليس للاعارة المكان المؤقت الموقع الحالى موقع الترفيف تاريخ الاكتساب اجمالي اﻻعارات رقم الطلب الباركود تاريخ اخر مشاهدة تاريخ تفعيل السعر نوع وعاء كوها
        مكتبة القاهرة الكبرى مكتبة القاهرة الكبرى القاعة الرئيسية 09/24/2017   364.131\ س ل 163322 09/24/2017 09/24/2017 كتاب

Powered By

EGPV